| 000 | 00955nam a22003017a 4500 | ||
|---|---|---|---|
| 001 | 000630 | ||
| 003 | DO-SdBNP | ||
| 005 | 20180119091717.0 | ||
| 007 | 000630 | ||
| 008 | 161101b 1972 sp a ||||| |||| 00| 0 spa d | ||
| 040 |
_aBPMSU _bspa _cBPMSU |
||
| 041 |
_aspa _eeng |
||
| 082 |
_axxxx _bxxxx |
||
| 100 | 1 |
_aBlyton, Enid, _d1897-1968. |
|
| 240 | 1 | 0 |
_aFive on a treasure island. _lEspañol |
| 245 | 1 | 0 |
_aLos cinco y el tesoro de la isla / _cEnid Blyton ; traducción, Juan Ríos de la Rosa ; ilustraciones José Correas. |
| 250 | _a6ª ed. | ||
| 260 |
_aBarcelona : _bJuventud, _c1972. |
||
| 300 |
_a156 p. : _bil. ; _c20 cm. |
||
| 490 | 1 | _aClub de los Cinco | |
| 500 | _aTítulo original: Five on a treasure island | ||
| 700 | 1 |
_aRíos de la Rosa, Juan, _etr. |
|
| 700 | 1 |
_aCorreas, José, _eil. |
|
| 830 | 0 | _aClub de los Cinco. | |
| 942 |
_2ddc _cBK |
||
| 945 | _aInventariado, 2018 /LP | ||
| 956 |
_aLOPEREZ _b10 _c20161101 _d0041 |
||
| 999 |
_c11755 _d11755 |
||